Účetní závěrka /

Main Author: Strouhal, Jiří, 1980-
Language: Czech
Published: Praha : Wolters Kluwer Česká republika, 2011
Edition: 2., aktualiz. vyd.
Series: Téma (Wolters Kluwer ČR)
Subjects:
Physical Description: 304 s. ; 24 cm
Language note: Anglické resumé
Book
Saved in:
LEADER 01697nam a2200517 a 4500
001 nkc20112226769
003 CZ PrNK
005 20121214091440.0
007 ta
008 110923s2011 xr f 001 0 cze
015 |a cnb002226769 
020 |a 978-80-7357-692-9  |q (brož.) 
035 |a (OCoLC)768557889 
040 |a ABA001  |b cze 
041 0 |a cze  |b eng 
043 |a e-xr--- 
072 7 |a 657  |x Účetnictví  |2 Konspekt  |9 4 
080 |a 657  |2 MRF 
080 |a 657:006.3  |2 MRF 
080 |a 657:006.322  |2 MRF 
080 |a (437.3)  |2 MRF 
080 |a (048.8)  |2 MRF 
100 1 |a Strouhal, Jiří,  |d 1980-  |7 mzk2005300655  |4 aut 
245 1 0 |a Účetní závěrka /  |c Jiří Strouhal 
250 |a 2., aktualiz. vyd. 
260 |a Praha :  |b Wolters Kluwer Česká republika,  |c 2011 
300 |a 304 s. ;  |c 24 cm 
490 1 |a Téma 
500 |a "Právní stav publikace k 30.9.2011"--Rub tit. s. 
504 |a Obsahuje bibliografii a rejstřík 
546 |a Anglické resumé 
650 0 7 |a účetnictví  |7 ph116911  |z Česko  |2 czenas 
650 0 7 |a účetní standardy  |7 ph231089  |z Česko  |2 czenas 
650 0 7 |a mezinárodní účetní standardy  |7 ph231090  |2 czenas 
650 0 9 |a accounting  |z Czechia  |2 eczenas 
650 0 9 |a accounting standards  |z Czechia  |2 eczenas 
650 0 9 |a international accounting standards  |2 eczenas 
655 7 |a monografie  |7 fd132842  |2 czenas 
655 9 |a monographs  |2 eczenas 
830 0 |a Téma (Wolters Kluwer ČR)  |0 s 
910 2 |a BOA001  |b 2-1295.371 
928 9 |a Wolters Kluwer ČR 
990 |a BK 
995 |a 01 
991 |b 201212  |c NOV  |e n 
996 6 |b 2610529723  |c 2-1295.371  |l MZK  |r Sklad / do 1 hodiny  |n 11  |p p.v.  |w 001301249  |u 000010  |a 1  |e BOA001  |j MZK50  |s P